Stolice państw graniczących z Indiami - Statystyki

Ogólne statystyki
  • Ten quiz został rozwiązany 14 razy
  • Średni wynik to 4 z 6
Statystyki odpowiedzi
Stolica % Poprawnych
Islamabad
100%
Dhaka
85%
Pekin
85%
Katmandu
77%
Naypyidaw
38%
Thimphu
31%
Nie znaleziono quizów pasujących do podanych kryteriów
Rozkład punktacji
Procent ludzi z każdym wynikiem
Percentyl według liczby udzielonych odpowiedzi
Twoja historia wyników
Nie rozwiązałeś tego quizu